00515nam a2200157Ia 4500003000900000008004100009020001800050040001600068080001700084100001800101245013900119260004800258300001500306650001400321650002200335IN-BaIIA211028s9999 xx 000 0 eng d a0-521-32688-5 cIIA Library a52(091)bGIN aGingerich, O. 4aThe great copernicus chase and other adventures in astronomical historycO. Gingerich  aCambridgebCambridge University Pressc1992 axii, 304p. aAstronomy aHistory-astronomy